000 00520nam a2200169 i 4500
001 88535
003 ES-MaACL
005 20230906175858.0
007 t|
008 050104s1968 sp ||||1| spa d
100 1 _aLamarche, Paul.
_969770
245 1 0 _aCristo vivo
_b: ensayo sobre la cristologĂ­a del Nuevo Testamento /
_cPaul Lamarche ; [tradujo, Luis Bittini].
260 _aSalamanca :
_bSĂ­gueme,
_c1968.
300 _a200 p. ;
_c19 cm.
700 1 _aBittini, Luis.
_929031
852 _aES-MaACL
_jC-34467
_bR.65554
999 _c88535
_d88535